LEADER 00945nam a2200253 4500 001 000000354772 003 CaOOAMICUS 005 20230728123034.0 008 230728s2023 it 000 u ita r 020 $a978-88-308-1881-1 040 $aSeMil$bita 100 1 $aPrato, Ezio,$d<1962- >.$0(OLS)http://semarc/name/19946 245 10$aCredibilità /$cEzio Prato. 264 1$aAssisi :$bCittadella,$c2023. 300 $a171 p. ;$c21 cm 490 1 $aLe parole della fede 830 3$aLe parole della fede.$0(OLS)http://semarc/title/44342 850 $aSeMil 852 $aSeMil$W1$xVenegono$y1$m2B VII 83$j242594$B246057$CSeMilBibl$Z2$F246057 $81 961 $aCaspani don Pierpaolo - Omaggio 996 $6020$a978-88-308-1881-1$9(OLS)http://semarc/number/298556 996 $6245$aCredibilità$9(OLS)http://semarc/title/444927 996 $6264$aAssisi :$bCittadella$9(OLS)http://semarc/publisher/29661 LEADER 01806nas a2200253 i 4500 001 000000022199 003 CaOOAMICUS 005 20211108164304.0 008 180830c19729999gw ux p u0 0lat r 040 $aSeMil$bita 245 10$aAnnuarium Historiae Conciliorum. Supplementum /$cherausgegeben von W. Brandmüller und Remigius Bäumer ; in Verbindung mit José Goñi Gaztambide ... [et al.]. 260 $aMünchen ; Paderborn ; Wien :$bFerdinand Schöningh,$c1972- 260 $aAmsterdam :$bAdolf. M. Hakkert,$c1972- 300 $av. ;$c26 cm. 700 1 $aGoni Gaztambide, José <1914-2002>.$0(OLS)http://semarc/name/1676 700 1 $aBäumer, Remigius,$d<1918-1998>.$0(OLS)http://semarc/name/292 700 1 $aBrandmüller, Walter,$c.$0(OLS)http://semarc/name/18 772 0 $tAnnuarium Historiae Conciliorum.$dAmsterdam : Adolf. M. Hakkert, 1969-2019.$x0003-5157$w()1878 850 $aSeMil 852 $aSeMil$W1$xVenegono$y1$pCliccare per visualizzare collocazione e posseduto cumulativo

Cliccare per visualizzare eventuali spogli (alla eventuale voce ?Indici? in fondo di pagina)$B239470$CSeMilBibl$Z2$F239470 $85 996 $6245$aAnnuarium Historiae Conciliorum. Supplementum$9(OLS)http://semarc/title/29556 996 $6260$aAmsterdam :$bAdolf. M. Hakkert$9(OLS)http://semarc/publisher/30436 996 $6260$aMünchen ; Paderborn ; Wien :$bFerdinand Schöningh$9(OLS)http://semarc/publisher/34975